| 000 | 00962njm a2200289Ia 4500 | ||
|---|---|---|---|
| 001 | 66997 | ||
| 003 | IT-RoPAU | ||
| 005 | 20220918181129.0 | ||
| 008 | 131025s9999 xx 000 0 und d | ||
| 040 | _aIT-RoPAU | ||
| 040 | _cIT-RoPAU | ||
| 999 |
_c100456 _d100456 |
||
| 999 | _bn.d. | ||
| 100 |
_aEno Brian _923870 |
||
| 100 |
_eAutore musica _923871 |
||
| 100 |
_gCodice autore musica SPICS: 11870 _923872 |
||
| 245 | _aDiscreet Music (Lp Egs 303) | ||
| 250 | _a1a ed. | ||
| 260 | _aENGLAND | ||
| 260 |
_bEG RECORDS _c1975 [1a Ed.:1975 - Ed. Lingua Orig.: 1975] |
||
| 300 | _aDISCO | ||
| 300 | _c51 minuti (Testo: 0 pag.) | ||
| 500 | _aMusica strumentale. | ||
| 505 | _aDiscreet Music 1 & 2 - Fullness of Wind - French Catalogues - Brutal Ardourthree Variations On the Canon In d major by Johann Pachelbel | ||
| 650 |
_aSTRUMENTALE [DISCHI] _eCodice MATERIA SPICS: 9950 _9828 |
||
| 700 |
_aEno Brian _gCodice interprete SPICS: 11870 _eInterprete _923873 |
||
| 942 |
_cMD _2ddc |
||